| 000 | 04220namaa22004211i 4500 | ||
|---|---|---|---|
| 003 | OSt | ||
| 005 | 20260414130831.0 | ||
| 008 | 250827s2025 ua a|||frm||| 000 0 eng d | ||
| 040 |
_aEG-GICUC _bara _cEG-GICUC _dEG-GICUC _erda |
||
| 041 | 0 |
_aara _bara _beng |
|
| 049 | _aإيداع | ||
| 082 | 0 | 4 | _a327.569056 |
| 092 |
_a327.569056 _221 |
||
| 097 | _aمــــاجستير | ||
| 099 | _aCai01.03.04.M.Sc.2025.أح.ت | ||
| 100 | 0 |
_a،أحمد فتحى على أحمد _eإعداد. |
|
| 245 | 1 | 0 |
_aتأثير إكتشافات الغاز على السياسة الخارجية الإسرائيلية تجاه دول شرق المتوسط خلال الفترة من 2009 حتى 2023 / _cإعداد أحمد فتحى على أحمد؛ إشراف أ .د. دلال محمود، د.مريم عبدالسلام. |
| 246 | 1 | 5 | _aThe effect of gas discoveries on israeli foreign policy towards east meditterenean countries 2009-2023 / |
| 264 | 0 | _c2025. | |
| 300 |
_a161 صفحة : _bإيضاحيات ؛ _c25 سم. + _eCD. |
||
| 336 |
_atext _2rda content |
||
| 337 |
_aUnmediated _2rdamedia |
||
| 338 |
_avolume _2rdacarrier |
||
| 502 | _aأطروحة (ماجستير)-جامعة القاهرة، 2025. | ||
| 504 | _aببليوجرافيا: صفحات 147-161. | ||
| 520 | _aقامت الدراسة بتحليل تأثير إكتشافات الغاز على السياسة الخارجية الإسرائيلية تجاه إقليم شرق المتوسط , من خلال الوقوف على أهمية منطقة شرق المتوسط بكافة المجالات وخريطة إكتشافات الغاز بها , فضلاً عن أهداف السياسة الخارجية الإسرائيلية بالإقليم , والمحددات الداخلية والخارجية التى شكلت توجهات السياسة الخارجية الإسرائيلية تجاه الإقليم , وكذلك الأدوات المختلفة التى إعتمدت عليها إسرائيل لخدمة أهدافها , والتحديات التى تواجهها فى تنفيذ سياساتها الخارجية , إلى جانب الرؤية الإستشرافية لمستقبل السياسة الخارجية بالإقليم ,وذلك بإستخدام منهج تحليل السياسة الخارجية ورؤية النظريات " الواقعية - المثالية " تجاه إكتشافات الغاز بإعتبارها أحد موارد الطاقة | ||
| 520 | _aThe study analyzed the impact of gas discoveries on Israeli foreign policy toward the Eastern Mediterranean region, examining the importance of the Eastern Mediterranean region in all areas and the map of gas discoveries there, as well as the objectives of Israeli foreign policy in the region, and the internal and external determinants that shaped Israeli foreign policy orientations toward the region.As well as the various tools that Israel has relied on to serve its goals, and the challenges it faces in implementing its foreign policies, in addition to the forward-looking vision for the future of foreign policy in the region, using the approach of foreign policy analysis and the vision of the "realistic-idealistic" theories towards gas discoveries as one of the energy resources | ||
| 530 | _aصدر أيضًا كقرص مدمج. | ||
| 546 | _aالنص بالعربية والملخص باللغة الإنجليزية والعربية. | ||
| 650 | 7 |
_aالعلاقات الخارجية _zإسرائيل _zشرق الاوسط _2qrmak |
|
| 653 | 0 |
_aالسياسة الخارجية الإسرائيلية _aشرق المتوسط _aترسيم الحدود البحرية |
|
| 700 | 0 |
_aدلال محمود _eمشرف أطروحة. |
|
| 700 | 0 |
_aمريم عبدالسلام _eمشرف أطروحة. |
|
| 900 |
_b01-01-2025 _cدلال محمود _cمريم عبدالسلام _dمحمود إسماعيل محمد _dحسن سلامة _Uجامعة القاهرة _Fكلية الاقتصاد والعلوم السياسية _Dقسم علاقات دولية |
||
| 905 |
_aSara _eAfaf |
||
| 942 |
_2ddc _cTH _e21 _n0 |
||
| 999 | _c178460 | ||